000 00518nam a2200181Ia 4500
005 20250326124906.0
008 250326s9999 xx 000 0 und d
037 _aTextbook
040 _aFMSL
_beng
_cFMSL
041 _aeng
_2eng
084 _aX:8D.1 N1
_qFMSL
100 _aShapiro A C
_9738109
245 0 _aFoundations of multinational ficial management
_cShapiro A C
260 _aLondon
_bLondon, Allyan And Bacon
_c1991
300 _a600p
942 _cTB
_hX:8D.1 N1
999 _c1275661
_d1275661